| 000 | 00981nam a22002897a 4500 | ||
|---|---|---|---|
| 001 | 013585525 | ||
| 003 | Uk | ||
| 005 | 20130515135947.0 | ||
| 008 | 060302s2006 gw a b 001 0 eng d | ||
| 010 | _a 2006923241 | ||
| 020 | _a9783540286141 (cased) | ||
| 020 | _a3540286144 (cased) | ||
| 020 | _a9783540286141 | ||
| 082 |
_222 _a621.316 _bGUS |
||
| 100 | 1 |
_aGustrau, Frank. _933194 |
|
| 245 | 1 | 0 |
_aEM modeling of antennas and RF components for wireless communication systems / _cFrank Gustrau, Dirk Manteuffel. |
| 260 |
_aBerlin : _bSpringer, _cc2006. |
||
| 300 |
_axix, 276 p. : _bill. ; _c25 cm. |
||
| 490 | 1 | _aSignals and communication technology | |
| 504 | _aIncludes bibliographical references and index. | ||
| 650 | 0 |
_aElectromagnetic devices _xDesign and construction. _933195 |
|
| 650 | 0 |
_aElectromagnetic fields. _933196 |
|
| 650 | 0 |
_aWireless communication systems. _933197 |
|
| 653 |
_bEle _cMay2013 |
||
| 700 | 1 |
_aManteuffel, Dirk. _933198 |
|
| 942 |
_2ddc _cBB |
||
| 999 |
_c17466 _d17438 |
||